Response of some commercial maize hybrids and their parents to downy mildew disease and yield losses (Record no. 38639)

MARC details
000 -LEADER
fixed length control field 03180cab a2200301Ia 45 0
001 - CONTROL NUMBER
control field u182848
003 - CONTROL NUMBER IDENTIFIER
control field SIRSI
008 - FIXED-LENGTH DATA ELEMENTS--GENERAL INFORMATION
fixed length control field 100704s2009 ua ss b eng d
040 ## - CATALOGING SOURCE
Original cataloging agency EAL
041 ## - LANGUAGE CODE
Language code of text/sound track or separate title eng
Language code of summary or abstract ara
090 ## - LOCALLY ASSIGNED LC-TYPE CALL NUMBER (OCLC); LOCAL CALL NUMBER (RLIN)
Classification number (OCLC) (R) ; Classification number, CALL (RLIN) (NR) ART MUJAS V34 No4 PtB 41
100 1# - MAIN ENTRY--PERSONAL NAME
Personal name Awad, H. M. F.
240 10 - UNIFORM TITLE
Uniform title Mansoura university journal of agricultural sciences, 2009 v. 34 (4)
Number of part/section of a work Part B
Medium [electronic resource].
245 10 - TITLE STATEMENT
Title Response of some commercial maize hybrids and their parents to downy mildew disease and yield losses
Medium [electronic resource].
246 15 - VARYING FORM OF TITLE
Title proper/short title أستجابة بعض هجن الذرة الشامية وآبائها لمرض البياض الزغبي والخسارة في المحصول الناتجة عن الأصابة.
300 ## - PHYSICAL DESCRIPTION
Extent p.3785-3792
504 ## - BIBLIOGRAPHY, ETC. NOTE
Bibliography, etc. note Includes reference.
520 ## - SUMMARY, ETC.
Summary, etc. Thirty four white and yellow maize (Zea mays L.) inbred lines and hybrids were evaluated to downy mildew disease caused by Peronosclerospora sorghi (Weston and Uppal) C.G. 8haw. This study was performed in 2006 -20007 growing seasons at Gemmeiza Agricultural Research 8tation, EI-Gharbea Governorate, Egypt. Out of the white maize genotypes, only the inbred lines Gm.22 and Gm.21were highly resistance( 0 and 0.48% disease infection, respectively) . The other inbred lines showed infection types ranged from resistance (Gm.4 and Grn.30), moderate resistance (Gm.14, Gm.27 and 8d.7). Both of Gm.2 and 8d.63 showed moderate to susceptible infection types. The white hybrids (8.c.11, 8.c.12, 8.c.13, 8.c.14 and 5.c.26 ) were moderately resistant, while, hybrids 8.c.21, 8.c.22, 8.c.27, T.w.c.321, Tw.c.325 and T.w.c326 were moderately susceptible then hybrids 8.c.10, 8.c.15, 8.c.25, T.w.c.322 and T.w.c.327 were susceptible. It can be concluded that inbred lines Gm.4, Gm.21, Gm.30 and 3d.? playa role in conferring resistance in their hybrids and could be considered as sources of resistance to downy mildew. All the tested yellow maize inbred lines and hybrids showed moderately susceptible, and susceptible infection types. Losses in grain yield were in a parallel line with disease infection. The yellow maize genotypes scored the highest percentage of yield reduction compared with the white genotypes. All of the white inbreds and hybrids showed losses in grain yield except the inbred line Gm.22. The highest % of grain yield losses were detected in the inbred lines 8d.63 and Gm.2 (31.19 and 21.22%, respectively) as well as the hybrids 8.c.10 (34.48%), 8.c.21 (31.61%) and 8.c.26 (31.26%). Concernin9 with yellow maize genotypes, the highest losses % were noticed in the inbred lines 1021 and 1002 (66.11 and 64.85%, respeclively) as well as the hybrids T.w.c. 352 (87.47%), 8.c.52 (63.79%), 8.c.155 (73.77%) then T.w.c351 (51.93%).
546 ## - LANGUAGE NOTE
Language note Summary in Arabic.
596 ## -
-- 1
650 #0 - SUBJECT ADDED ENTRY--TOPICAL TERM
Topical term or geographic name entry element Corn
General subdivision Diseases and pests
-- Control.
650 #0 - SUBJECT ADDED ENTRY--TOPICAL TERM
Topical term or geographic name entry element Corn
General subdivision Genetics.
650 #0 - SUBJECT ADDED ENTRY--TOPICAL TERM
Topical term or geographic name entry element Downy mildew diseases.
700 1# - ADDED ENTRY--PERSONAL NAME
Personal name Sadoma, M.T.
700 1# - ADDED ENTRY--PERSONAL NAME
Personal name El-Ghonemy, M.A.M.
773 0# - HOST ITEM ENTRY
Title Mansoura University Journal of Agricultural Sciences.
Related parts 2009.v.34(4)Part B
International Standard Serial Number 1110-0346
Control subfield nnas
Record control number u182197
856 40 - ELECTRONIC LOCATION AND ACCESS
Uniform Resource Identifier <a href="http://nile.enal.sci.eg/EALE/2009/MUJAS/3409/4/B/3785.pdf">http://nile.enal.sci.eg/EALE/2009/MUJAS/3409/4/B/3785.pdf</a>
Public note Full Text Article.
942 ## - ADDED ENTRY ELEMENTS (KOHA)
Koha item type Articles
Source of classification or shelving scheme Library of Congress Classification

No items available.


Home | About ENAL | Collections | Services | Activities | Calendar | Contact us

7 Nadi El Sayed St., Giza, Egypt | Phone:02-33351121 +02-33351313 | 
| Email: enalegypt@gmail.com